<?xml version="1.0" encoding="UTF-8"?>
<record
    xmlns:xsi="http://www.w3.org/2001/XMLSchema-instance"
    xsi:schemaLocation="http://www.loc.gov/MARC21/slim http://www.loc.gov/standards/marcxml/schema/MARC21slim.xsd"
    xmlns="http://www.loc.gov/MARC21/slim">

  <leader>02574nam a2200349 a 4500</leader>
  <controlfield tag="003">CHAP</controlfield>
  <controlfield tag="005">20240626101829.0</controlfield>
  <controlfield tag="007">ta</controlfield>
  <controlfield tag="008">240509t2013    sp a|||frf||| 001 0 spa d</controlfield>
  <datafield tag="020" ind1=" " ind2=" ">
    <subfield code="a">978-84-15792-69-7</subfield>
  </datafield>
  <datafield tag="040" ind1=" " ind2=" ">
    <subfield code="a">Z</subfield>
    <subfield code="c">CHAP</subfield>
    <subfield code="e">rda</subfield>
  </datafield>
  <datafield tag="041" ind1="0" ind2=" ">
    <subfield code="b">Espa&#xF1;o&#xF1;</subfield>
    <subfield code="f">Espa&#xF1;ol</subfield>
  </datafield>
  <datafield tag="082" ind1="0" ind2="0">
    <subfield code="a">C 636.083</subfield>
    <subfield code="b">P56 2013</subfield>
    <subfield code="2">20</subfield>
  </datafield>
  <datafield tag="100" ind1="1" ind2=" ">
    <subfield code="9">186713</subfield>
    <subfield code="a">Pinto Rodr&#xED;guez, Jerem&#xED;as</subfield>
    <subfield code="e">autor</subfield>
  </datafield>
  <datafield tag="245" ind1="1" ind2="0">
    <subfield code="a">Operaciones b&#xE1;sicas de control sanitario de animales /</subfield>
    <subfield code="c">Jerem&#xED;as Pinto Rodr&#xED;guez</subfield>
  </datafield>
  <datafield tag="250" ind1=" " ind2=" ">
    <subfield code="a">1 edici&#xF3;n</subfield>
  </datafield>
  <datafield tag="264" ind1=" " ind2="1">
    <subfield code="a"> M&#xE1;laga, Espa&#xF1;a :</subfield>
    <subfield code="b">IC Editorial,</subfield>
    <subfield code="c">&#xA9;2013</subfield>
  </datafield>
  <datafield tag="300" ind1=" " ind2=" ">
    <subfield code="a">141 p&#xE1;ginas :</subfield>
    <subfield code="b">ilustraciones, tablas</subfield>
  </datafield>
  <datafield tag="336" ind1=" " ind2=" ">
    <subfield code="2">rdacontent</subfield>
    <subfield code="a">texto</subfield>
    <subfield code="b">txt</subfield>
  </datafield>
  <datafield tag="337" ind1=" " ind2=" ">
    <subfield code="2">rdamedia</subfield>
    <subfield code="a">sin medio</subfield>
    <subfield code="b">n</subfield>
  </datafield>
  <datafield tag="338" ind1=" " ind2=" ">
    <subfield code="2">rdacarrier</subfield>
    <subfield code="a">volumen</subfield>
    <subfield code="b">nc</subfield>
  </datafield>
  <datafield tag="500" ind1=" " ind2=" ">
    <subfield code="a">ej.1: consumo</subfield>
  </datafield>
  <datafield tag="500" ind1=" " ind2=" ">
    <subfield code="a">En cubierta: UF0159: Operaciones b&#xE1;sica de control sanitario de animales.</subfield>
  </datafield>
  <datafield tag="500" ind1=" " ind2=" ">
    <subfield code="a">En cubierta: Certificado de profesionalidad AGAX0108-Actividades auxiliares en ganader&#xED;a</subfield>
  </datafield>
  <datafield tag="505" ind1="0" ind2="0">
    <subfield code="a">Cap&#xED;tulo 1. Prevenci&#xF3;n y tratamiento de enfermedades de animales.-- 1. Introducci&#xF3;n.-- 2. Tratamiento higi&#xE9;nico-sanitario para animales.-- 3. Aplicaci&#xF3;n  de programas vac&#xFA;nales y antiparasitarios en animales de reposici&#xF3;n, cr&#xED;as, producci&#xF3;n de leche y huevos.-- 4. Aplicaci&#xF3;n de tratamientos preventivos a la llegada de los animales a la explotaci&#xF3;n.-- 5. Observaci&#xF3;n  de animales enfermos.-- 6. Aplicaci&#xF3;n de tratamientos preventivos y/o curativos.-- 7. Registro de tratamientos.-- 8. P&#xE9;rdida de bienestar de los animales: situaciones de estr&#xE9;s.-- 9. Medidas de actuaci&#xF3;n ante animales muertos en la explotaci&#xF3;n.-- 10. Resumen.-- Ejercicios.-- Cap&#xED;tulo 2. Normativa b&#xE1;sica vigente en el &#xE1;mbito europeo, nacional, auton&#xF3;mico y local relacionada con este m&#xF3;dulo.-- 1. Introducci&#xF3;n.-- 2. Normativa sobre prevenci&#xF3;n de riesgos laborales.-- 3. Normativa sobre bienestar animal.-- 4. Normativa sobre sanidad animal.-- Resumen.-- Ejercicios de repaso y autoevaluaci&#xF3;n.</subfield>
  </datafield>
  <datafield tag="520" ind1=" " ind2=" ">
    <subfield code="a">Definir el estado de bienestar general y de salud de los animales y detectarlo mediante el control ambiental, la alimentaci&#xF3;n y la observaci&#xF3;n de signos caracter&#xED;sticos, comunicando el mismo seg&#xFA;n protocolos establecidos.
Detallar las operaciones b&#xE1;sicas de control de animales enfermos y realizar la correcta aplicaci&#xF3;n de los mismos.</subfield>
  </datafield>
  <datafield tag="534" ind1=" " ind2=" ">
    <subfield code="p">T&#xED;tulo original:</subfield>
  </datafield>
  <datafield tag="650" ind1="1" ind2="3">
    <subfield code="9">187418</subfield>
    <subfield code="a">Mantenimiento del bienestar animal</subfield>
    <subfield code="x">Normas</subfield>
  </datafield>
  <datafield tag="650" ind1="1" ind2="7">
    <subfield code="9">12634</subfield>
    <subfield code="a">Bienestar animal</subfield>
    <subfield code="x">Medidas sanitarias; saneamiento</subfield>
  </datafield>
  <datafield tag="650" ind1="1" ind2="3">
    <subfield code="9">101809</subfield>
    <subfield code="a">Salud animal</subfield>
    <subfield code="x">Cuidado e higiene</subfield>
  </datafield>
  <datafield tag="942" ind1=" " ind2=" ">
    <subfield code="2">ddc</subfield>
    <subfield code="c">LIBRO</subfield>
  </datafield>
  <datafield tag="999" ind1=" " ind2=" ">
    <subfield code="c">219910</subfield>
    <subfield code="d">219910</subfield>
  </datafield>
  <datafield tag="952" ind1=" " ind2=" ">
    <subfield code="0">0</subfield>
    <subfield code="1">0</subfield>
    <subfield code="2">ddc</subfield>
    <subfield code="4">0</subfield>
    <subfield code="5">1</subfield>
    <subfield code="7">0</subfield>
    <subfield code="8">C</subfield>
    <subfield code="a">Z</subfield>
    <subfield code="b">Z</subfield>
    <subfield code="d">2018-11-19</subfield>
    <subfield code="e">Compra Libreria UACh. No. 37338</subfield>
    <subfield code="i">Consumo</subfield>
    <subfield code="l">0</subfield>
    <subfield code="o">C 636.083 P56 2013</subfield>
    <subfield code="p">5103000005</subfield>
    <subfield code="r">2024-05-09 00:00:00</subfield>
    <subfield code="t">Ej.1</subfield>
    <subfield code="w">2024-05-09</subfield>
    <subfield code="y">LIBRO</subfield>
  </datafield>
</record>
